| 000 | 00368nam a22001577a 4500 | ||
|---|---|---|---|
| 999 |
_c478438 _d478438 |
||
| 003 | NUST | ||
| 005 | 20180530040238.0 | ||
| 008 | 180530b ||||| |||| 00| 0 eng d | ||
| 038 | _a0 | ||
| 082 | _a297.56 ZAK | ||
| 100 | _4Zakia Arshad Hameed | ||
| 245 | _aRoshni ka safar | ||
| 260 |
_aRawalpindi _bMatbooat Salmania _c2006 |
||
| 300 | _a159p | ||
| 942 |
_2ddc _cBK |
||